|
|
|
|
| LEADER |
04231nam a2200517 i 4500 |
| 001 |
EBC5452131 |
| 003 |
MiAaPQ |
| 005 |
20200923020339.0 |
| 006 |
m o d | |
| 007 |
cr cnu|||||||| |
| 008 |
180802s2018 ne ob 101 0 eng d |
| 020 |
|
|
|z 9789027201355
|
| 020 |
|
|
|a 9789027263629 (e-book)
|
| 035 |
|
|
|a (MiAaPQ)EBC5452131
|
| 035 |
|
|
|a (Au-PeEL)EBL5452131
|
| 035 |
|
|
|a (OCoLC)1035326309
|
| 040 |
|
|
|a MiAaPQ
|b eng
|e rda
|e pn
|c MiAaPQ
|d MiAaPQ
|
| 043 |
|
|
|a ma-----
|
| 050 |
|
4 |
|a P40.5.L382
|b .A733 2018
|
| 082 |
0 |
|
|a 306.44/09174927
|2 23
|
| 111 |
2 |
|
|a Arabic in Contact: Linguistic and Sociolinguistic Perspectives (Conference)
|d (2014 :
|c University of Naples)
|
| 245 |
1 |
0 |
|a Arabic in contact /
|c edited by Stefano Manfredi, CNRS, INALCO, SeDyl ; Mauro Tosco, University of Turin.
|
| 264 |
|
1 |
|a Amsterdam ;
|a Philadelphia :
|b John Benjamins Publishing Company,
|c [2018]
|
| 264 |
|
4 |
|c 2018
|
| 300 |
|
|
|a 1 online resource (380 pages).
|
| 336 |
|
|
|a text
|b txt
|2 rdacontent
|
| 337 |
|
|
|a computer
|b c
|2 rdamedia
|
| 338 |
|
|
|a online resource
|b cr
|2 rdacarrier
|
| 490 |
1 |
|
|a Studies in Arabic linguistics ;
|v 6
|
| 500 |
|
|
|a Selected proceedings of the conference, Arabic in Contact: Linguistic and Sociolinguistic Perspective, held December 15-17, 2014 at the University of Naples.
|
| 504 |
|
|
|a Includes bibliographical references and index.
|
| 505 |
0 |
|
|a Arabic in contact, now and then / Stefano Manfredi and Mauro Tosco -- The Arabic component in Domari / Bruno Herin -- Syntactic outcomes of contact in Sason Arabic / Faruk Akkus and Elabbas Benmamoun -- Arabic-Berber-Songhay contact and the grammaticalisation of "thing" / Lameen Souag -- Arabic and Berber in contact: Arabic in a minority situation i al Hoceima region / Dominique Caubet -- Arabic on the Dahlak Islands (Eritrea) / Marie-Claude Simeone-Senelle -- Hassaniyya Arabic in contact with Berber: the case of quadriliteral verbs / Catherine Taine-Cheikh -- Loan verbs in Egyptian Arabic: perspectives and evidence from social media / Ashraf F. Hassan -- Phonetical and morphological remarks on the adaptation of Italian loanwords in Libyan Arabic / Luca d'Anna -- An assessment of the Arabic lexical contribution to contemporary spoken Koalib / Nicolas Quint -- Why linguistics needs an historically oriented Arabic linguistics / Jonathan Owens -- Temporal adverbs of contrast in the basic variety of Arabic / Kees Versteegh -- On the relationship between Arabic foreigner talk and pidgin Arabic / Andrei Avram -- Mountains do not meet, but men do: music and sociocultural networks among Arabic Creole-speaking communities across East Africa / Shuichiro Nakao -- Determiner phrase: how specific is it in Moroccan Arabic-French codeswitching? / Karima Ziamari -- From Arabia to Persia and back: code-switching among the al Ali tribe in the UAE and Iran / Denes Gazsi -- Arabic borrowing of the Hebrew word menahel "manager": articulations and ideologies / Nancy Hawker -- Contact-induced change from a speakers' perspective: a study of language attitudes in Siwa / Valentina Serreli.
|
| 588 |
|
|
|a Description based on print version record.
|
| 590 |
|
|
|a Electronic reproduction. Ann Arbor, MI : ProQuest, 2016. Available via World Wide Web. Access may be limited to ProQuest affiliated libraries.
|
| 650 |
|
0 |
|a Languages in contact
|z Arab countries
|v Congresses.
|
| 650 |
|
0 |
|a Sociolinguistics
|z Arab countries
|v Congresses.
|
| 650 |
|
0 |
|a Arabic language
|x Social aspects
|v Congresses.
|
| 650 |
|
0 |
|a Arabic language
|x Foreign elements
|v Congresses.
|
| 650 |
|
0 |
|a Arabic language
|z Foreign countries
|v Congresses.
|
| 655 |
|
4 |
|a Electronic books.
|
| 700 |
1 |
|
|a Manfredi, Stefano,
|d 1981-
|e editor.
|
| 700 |
1 |
|
|a Tosco, Mauro,
|e editor.
|
| 776 |
0 |
8 |
|i Print version:
|a Arabic in Contact: Linguistic and Sociolinguistic Perspectives (Conference) (2014 : University of Naples)
|t Arabic in contact.
|d Amsterdam ; Philadelphia : John Benjamins Publishing Company, c2018
|h 380 pages
|k Studies in Arabic linguistics ; 6.
|z 9789027201355
|w (DLC) 2018021950
|
| 797 |
2 |
|
|a ProQuest (Firm)
|
| 830 |
|
0 |
|a Studies in Arabic linguistics ;
|v 6.
|x 2212-8042
|
| 856 |
4 |
0 |
|u https://ebookcentral.proquest.com/lib/matrademy/detail.action?docID=5452131
|z Click to View
|